NCAA Baseball 2025 Bracket - Statistics

General Stats
  • This quiz has been taken 38 times
  • The average score is 26 of 64
Answer Stats
Hint Answer % Correct
6 LSU
91%
2 Texas
91%
1 Vanderbilt
81%
3 Arkansas
78%
Florida
78%
12 Oregon
78%
Alabama
75%
13 Coastal Carolina
72%
Kentucky
72%
8 Oregon state
72%
Louisville
69%
10 Ole Miss
69%
Arizona
66%
9 Florida State
66%
7 Georgia
66%
15 UCLA
66%
4 Auburn
63%
Miami
63%
Oklahoma
63%
11 Clemson
59%
NC State
56%
Oklahoma state
56%
Duke
53%
Kansas
53%
5 North Carolina
53%
Georgia Tech
50%
TCU
50%
Wake Forest
50%
Arizona state
47%
Kansas state
47%
USC
47%
West Virginia
47%
Nebraska
41%
Murray State
34%
East Carolina
31%
Cincinnati
28%
Creighton
28%
North Dakota St
25%
Northeastern
25%
Wright State
25%
Columbia
22%
Dallas Baptist
22%
Saint Mary
22%
Houston Christian
19%
Rhode Island
19%
Stetson
19%
UC Irvine
19%
Cal Poly
16%
Little Rock
16%
Bethune Cookman
13%
Binghamton
13%
Fairfield
13%
Fresno State
13%
Western Kentucky
13%
Utah Valley
9%
Central Connecticut
6%
ETSU
6%
Holy Cross
6%
14 Tenessee
6%
USC Upstate
6%
UT San Antonio
6%
Miami (OH)
3%
Mississipi state
0%
16 South Mississipi
0%
No matching quizzes found
Score Distribution
Percent of People with Each Score
Percentile by Number Answered
Your Score History
You have not taken this quiz